[Event "IECC M email"]
[Site "IECC email"]
[Date "2000.11.09"]
[Round "?"]
[White "Hoffler, Roland"]
[Black "Karlsson, Roger"]
[Result "1-0"]
[WhiteElo "1057"]
[BlackElo "1020"]
[PlyCount "101"]
[EventDate "2000.??.??"]
[EventType "tourn (corr)"]
[EventRounds "2"]
[SourceTitle "Corr 2008"]
[Source "ChessBase"]
[SourceDate "2008.06.24"]
[SourceVersion "1"]
[SourceVersionDate "2008.06.24"]
[SourceQuality "1"]

1. e4 c5 2. Nf3 d6 3. Bb5+ Bd7 4. Bxd7+ Nxd7 5. 0-0 e5 6. Nc3 Ngf6 7. d3 Be7 8. Nd2 0-0 9. f4 Rc8 10. Nc4 a6 11. fxe5 Nxe5 12. Nxe5 dxe5 13. Be3 b5 14. Rf5 b4 15. Na4 g6 16. Rxe5 c4 17. Nb6 Rc6 18. Rf5 gxf5 19. Nxc4 Bc5 20. d4 Ng4 21. dxc5 Nxe3 22. Nxe3 Qxd1+ 23. Rxd1 Rxc5 24. exf5 Re8 25. Kf2 Ra5 26. Nd5 Rxa2 27. Nf6+ Kf8 28. Nxe8 Kxe8 29. Rb1 Ke7 30. g4 Kf6 31. h4 h6 32. Kf3 Ra5 33. Kf4 Rc5 34. g5+ hxg5+ 35. hxg5+ Kg7 36. Rc1 f6 37. g6 b3 38. c3 Rc4+ 39. Ke3 a5 40. Rh1 Rc5 41. Rh7+ Kg8 42. Ra7 Rxf5 43. c4 Rg5 44. Kd3 Rg3+ 45. Kd4 Rg2 46. Kc3 a4 47. Rxa4 Rg3+ 48. Kb4 f5 49. c5 Kf8 50. c6 Ke8 51. Ra8+ 1-0